Guide to intelligent data analysis : (Record no. 22312)

MARC details
000 -LEADER
fixed length control field 02800cam a2200337 i 4500
001 - CONTROL NUMBER
control field 16277740
003 - CONTROL NUMBER IDENTIFIER
control field EG-ScBUE
005 - DATE AND TIME OF LATEST TRANSACTION
control field 20241111100101.0
008 - FIXED-LENGTH DATA ELEMENTS--GENERAL INFORMATION
fixed length control field 100611t2010 enka f b 001 0 eng d
020 ## - INTERNATIONAL STANDARD BOOK NUMBER
International Standard Book Number 9781848822597
020 ## - INTERNATIONAL STANDARD BOOK NUMBER
International Standard Book Number 1848822596
040 ## - CATALOGING SOURCE
Original cataloging agency UKM
Language of cataloging eng
Description conventions rda
Transcribing agency UKM
Modifying agency BTCTA
-- YDXCP
-- C#P
-- CDX
-- BWX
-- SNK
-- UKMGB
-- DLC
-- EG-ScBUE
082 04 - DEWEY DECIMAL CLASSIFICATION NUMBER
Classification number 519.5
Edition number 22
Item number GUI
245 00 - TITLE STATEMENT
Title Guide to intelligent data analysis :
Remainder of title how to intelligently make sense of real data /
Statement of responsibility, etc Michael R. Berthold [and three others]
264 #1 - PUBLICATION, DISTRIBUTION, ETC. (IMPRINT)
Place of publication, distribution, etc London :
Name of publisher, distributor, etc Springer-Verlag,
Date of publication, distribution, etc [2010]
264 #4 - PUBLICATION, DISTRIBUTION, ETC. (IMPRINT)
Date of publication, distribution, etc c2010
300 ## - PHYSICAL DESCRIPTION
Extent xiii, 394 pages :
Other physical details illustrations ;
Dimensions 24 cm.
336 ## - CONTENT TYPE
Source rdacontent
Content type term text
Content type code txt
337 ## - MEDIA TYPE
Media type term unmediated
Source rdamedia
Media type code n
338 ## - CARRIER TYPE
Carrier type term volume
Carrier type code nc
Source rdacarrier
490 0# - SERIES STATEMENT
Series statement Texts in computer science
504 ## - BIBLIOGRAPHY, ETC. NOTE
Bibliography, etc Includes bibliographical references and index.<br/>
520 1# - SUMMARY, ETC.
Summary, etc "Each passing bear bears witness to the development of ever more powerful computers, increasingly fast and cheap storage media, and even higher bandwidth data connections. This makes it easy to believe that we can now - at least in principle - solve any problem we are faced with so long as we only have enough data." "Yet this is not the case. Although large databases allow us to retrieve many different single pieces of information and to compute simple aggregations, general patterns and regularities often go undetected. Furthermore, it is exactly these patterns, regularities and trends that are often most valuable." "To avoid the danger of "drowning in information, but starving for knowledge" the branch of research known as data analysis has emerged, and a considerable number of methods and software tools have been developed. However, it is not these tools alone but the intelligent application of human intuition in combination with computational power, of sound background knowledge with computer-aided modeling, and of critical reflection with convenient automatic model construction, that results in successful intelligent data analysis projects. Guide to Intelligent Data Analysis provides a hands-on instructional approach to many basic data analysis techniques, and explains how these are used to solve data analysis problems." "This practical and systematic textbook/reference for graduate and advanced undergradate students is also essential reading for all professionals who face data analysis problems. Moreover, it is a book to be used following one's exploration of it."--BOOK JACKET.
650 #7 - SUBJECT ADDED ENTRY--TOPICAL TERM
Topical term or geographic name as entry element Mathematical statistics.
Source of heading or term BUEsh
9 (RLIN) 7173
650 #7 - SUBJECT ADDED ENTRY--TOPICAL TERM
Topical term or geographic name as entry element Mathematical statistics
General subdivision Data processing.
Source of heading or term BUEsh
9 (RLIN) 20131
650 #7 - SUBJECT ADDED ENTRY--TOPICAL TERM
Topical term or geographic name as entry element Artificial intelligence.
Source of heading or term BUEsh
9 (RLIN) 529
653 ## - INDEX TERM--UNCONTROLLED
Resource For college Informatics and Computer Science
Arrived date list September2016
655 ## - INDEX TERM--GENRE/FORM
Form subdivision Reading book
700 1# - ADDED ENTRY--PERSONAL NAME
Personal name Berthold, M.
Fuller form of name (Michael)
Relator term author.
942 ## - ADDED ENTRY ELEMENTS (KOHA)
Source of classification or shelving scheme Dewey Decimal Classification
Koha item type Book - Borrowing
Holdings
Withdrawn status Lost status Source of classification or shelving scheme Damaged status Not for loan Collection code Home library Current library Shelving location Date acquired Source of acquisition Cost, normal purchase price Serial Enumeration / chronology Total Checkouts Full call number Barcode Date last seen Cost, replacement price Price effective from Koha item type
    Dewey Decimal Classification     Baccah Central Library Central Library First floor 06/09/2016 Purchase 630.00 2000088   519.5 GUI 000033546 15/07/2025 787.50 06/09/2016 Book - Borrowing